[Event "2017 Oceania Zone 3.6 Zonal Championshi"]
[Site "Auckland NZL"]
[Date "2017.01.17"]
[Round "5.14"]
[White "Wastney, Scott"]
[Black "Winkelman, Albert"]
[Result "1/2-1/2"]
[WhiteElo "2350"]
[BlackElo "1860"]
[PlyCount "92"]
[EventDate "2017.01.14"]

1. e4 e5 2. Nf3 Nc6 3. Nc3 Nf6 4. Bb5 Bb4 5. O-O O-O 6. d3 d6 7. Ne2 a6 8. Bxc6
bxc6 9. Ng3 Re8 10. c3 Bc5 11. Be3 Bxe3 12. fxe3 d5 13. Qe1 g6 14. Nd2 Kg7 15.
Qf2 Qe7 16. exd5 cxd5 17. e4 c6 18. Nb3 Rb8 19. h3 Rb5 20. Rae1 dxe4 21. dxe4
Be6 22. Qd2 h6 23. Rf2 Bc4 24. Nc1 Rd8 25. Qe3 Nh7 26. b3 Be6 27. Nd3 Qg5 28.
Qf3 Qf6 29. Qxf6+ Nxf6 30. c4 Rxd3 31. cxb5 axb5 32. Kh2 c5 33. Rc2 c4 34. bxc4
bxc4 35. Nf1 c3 36. Ng3 h5 37. Nh1 Rd2 38. Re2 Nxe4 39. Ng3 Nxg3 40. Kxg3 Rd3+
41. Kf2 Kf6 42. Re3 Rd2+ 43. Re2 Rd3 44. Re3 Rd2+ 45. Re2 Rd3 46. Re3 Rd2+
1/2-1/2

[Event "2017 Oceania Zone 3.6 Zonal Championshi"]
[Site "Auckland NZL"]
[Date "2017.01.17"]
[Round "5.15"]
[White "McLaren, Leonard J"]
[Black "Bhat, Vishal"]
[Result "1-0"]
[WhiteElo "2254"]
[BlackElo "1995"]
[PlyCount "65"]
[EventDate "2017.01.14"]

1. e4 e5 2. Nf3 Nc6 3. Bb5 a6 4. Bxc6 dxc6 5. d3 Bd6 6. Be3 Ne7 7. Nbd2 c5 8.
Qe2 Nc6 9. c3 b5 10. O-O O-O 11. h3 h6 12. Nh2 f5 13. exf5 Bxf5 14. Nhf3 Qd7
15. Ne4 Bxh3 16. gxh3 Qxh3 17. Nh2 h5 18. f3 Ne7 19. Qg2 Qxg2+ 20. Kxg2 Nd5 21.
Kf2 Nxe3 22. Kxe3 Rf4 23. Rg1 Raf8 24. Rg2 Be7 25. Rag1 R8f7 26. Ng5 Bxg5 27.
Rxg5 R4f5 28. Rxf5 Rxf5 29. Rg6 Rf6 30. Rg5 Re6 31. Rxh5 g6 32. Rg5 Kf7 33. Ng4
1-0

[Event "2017 Oceania Zone 3.6 Zonal Championshi"]
[Site "Auckland NZL"]
[Date "2017.01.17"]
[Round "5.16"]
[White "Nakauchi, Gene"]
[Black "Willathgamuwa, Kevin"]
[Result "1/2-1/2"]
[WhiteElo "2238"]
[BlackElo "1966"]
[PlyCount "92"]
[EventDate "2017.01.14"]

1. d4 Nf6 2. c4 e5 3. dxe5 Ng4 4. Bf4 Nc6 5. Nf3 Bb4+ 6. Nbd2 Qe7 7. a3 Ngxe5
8. Nxe5 Nxe5 9. e3 Bc5 10. Nb3 Bd6 11. c5 Nd3+ 12. Bxd3 Bxf4 13. O-O Bh6 14.
Nd4 O-O 15. Nf5 Qf6 16. Qc2 Rd8 17. Rfd1 Kh8 18. Rac1 d5 19. cxd6 cxd6 20. Be4
Bxf5 21. Bxf5 d5 22. Rd4 g6 23. Bg4 Bg7 24. Bf3 Qe6 25. Rd2 d4 26. Bxb7 dxe3
27. Rxd8+ Rxd8 28. fxe3 Qxe3+ 29. Kh1 Qb6 30. Rd1 Rxd1+ 31. Qxd1 Bxb2 32. Bd5
Kg7 33. a4 Be5 34. Qf1 Bf6 35. g3 Qc7 36. Qc4 Qe7 37. Kg2 h5 38. h4 Be5 39. Qb3
Qd7 40. Qc4 Qf5 41. Qe4 Qf6 42. Qf3 Qe7 43. Bb3 Qc7 44. Kh3 Qd7+ 45. Kg2 Bf6
46. Qd5 Qxd5+ 1/2-1/2

[Event "2017 Oceania Zone 3.6 Zonal Championshi"]
[Site "Auckland NZL"]
[Date "2017.01.17"]
[Round "5.17"]
[White "Chew Lee, Max"]
[Black "Bennett, Hilton P"]
[Result "0-1"]
[WhiteElo "2204"]
[BlackElo "1955"]
[PlyCount "48"]
[EventDate "2017.01.14"]

1. e4 d6 2. d4 g6 3. Nc3 Bg7 4. Be3 a6 5. Qd2 b5 6. h4 Bb7 7. f3 h6 8. O-O-O
Nd7 9. Nh3 Rc8 10. h5 g5 11. f4 gxf4 12. Nxf4 c5 13. dxc5 Nxc5 14. Bxc5 Rxc5
15. Ncd5 Nf6 16. Bd3 Nd7 17. Rh3 e6 18. b4 Rc8 19. Rg3 Be5 20. Rf1 exd5 21.
exd5 Qc7 22. Bg6 Qc4 23. Bxf7+ Kxf7 24. Ne6+ Qxf1+ 0-1

[Event "2017 Oceania Zone 3.6 Zonal Championshi"]
[Site "Auckland NZL"]
[Date "2017.01.17"]
[Round "5.18"]
[White "Zhang, Leo"]
[Black "Lim, Benjamin U"]
[Result "1/2-1/2"]
[WhiteElo "2099"]
[BlackElo "1920"]
[PlyCount "52"]
[EventDate "2017.01.14"]

1. d4 Nf6 2. c4 e6 3. Nc3 d5 4. cxd5 Nxd5 5. e4 Nxc3 6. bxc3 g6 7. Nf3 c5 8.
Bb5+ Bd7 9. Bxd7+ Nxd7 10. O-O Bg7 11. Bf4 cxd4 12. cxd4 Nb6 13. Rc1 O-O 14.
Qb3 h6 15. Rfd1 g5 16. Bg3 Rc8 17. Rxc8 Qxc8 18. h4 Rd8 19. hxg5 hxg5 20. Qe3
g4 21. Ne5 Nc4 22. Qe2 Nxe5 23. Bxe5 Bxe5 24. dxe5 Rxd1+ 25. Qxd1 Kf8 26. Qd2
Qc7 1/2-1/2

[Event "2017 Oceania Zone 3.6 Zonal Championshi"]
[Site "Auckland NZL"]
[Date "2017.01.17"]
[Round "5.19"]
[White "Tsai, Charles"]
[Black "Duneas, John"]
[Result "0-1"]
[WhiteElo "1908"]
[BlackElo "2054"]
[PlyCount "92"]
[EventDate "2017.01.14"]

1. e4 e6 2. d4 d5 3. Nd2 Nf6 4. e5 Nfd7 5. c3 c5 6. f4 Nc6 7. Ndf3 Qb6 8. Ne2
cxd4 9. cxd4 f6 10. g3 fxe5 11. fxe5 Bb4+ 12. Kf2 Ndxe5 13. Nxe5 Nxe5 14. Kg2
Nc6 15. Be3 O-O 16. h3 Bd7 17. Nf4 Bd6 18. b3 Bxf4 19. gxf4 e5 20. fxe5 Nxe5
21. Be2 Qg6+ 22. Kh2 Qf5 23. Bg4 Nxg4+ 24. Qxg4 Qxg4 25. hxg4 Bxg4 26. Rhf1
Rxf1 27. Rxf1 Re8 28. Re1 Bf5 29. b4 Kf7 30. Kg3 h6 31. Kf2 Bd3 32. a4 Rc8 33.
Rc1 Rxc1 34. Bxc1 Ke6 35. Bf4 Kf5 36. Bb8 a6 37. Kf3 g5 38. Bd6 h5 39. Bc7 h4
40. Bd8 Be4+ 41. Kf2 Kg4 42. b5 axb5 43. axb5 Kh5 44. Ke3 g4 45. Kf2 g3+ 46.
Kg1 h3 0-1

[Event "2017 Oceania Zone 3.6 Zonal Championshi"]
[Site "Auckland NZL"]
[Date "2017.01.17"]
[Round "5.20"]
[White "Kempen, Leon"]
[Black "Parsonage, Ian P"]
[Result "1-0"]
[WhiteElo "1887"]
[BlackElo "2043"]
[PlyCount "105"]
[EventDate "2017.01.14"]

1. d4 Nf6 2. c4 e6 3. Nc3 Bb4 4. e3 O-O 5. Nge2 Re8 6. a3 Bf8 7. g3 d5 8. cxd5
exd5 9. Bg2 a5 10. O-O c6 11. Qc2 Nbd7 12. Nf4 g6 13. h3 Bg7 14. Bd2 Nf8 15. g4
Ne6 16. Nxe6 Bxe6 17. f3 b5 18. Ne2 Qd6 19. Rac1 Bd7 20. h4 Ra6 21. Qd3 Bc8 22.
Be1 h5 23. g5 Bf5 24. Qc3 Nd7 25. Ng3 Be6 26. Qc2 b4 27. axb4 axb4 28. Qb3 Rb8
29. Ne2 c5 30. Bg3 Qb6 31. Bxb8 c4 32. Qd1 Nxb8 33. Nf4 Ra2 34. Rf2 Nc6 35. Rd2
Na5 36. Ra1 Rxa1 37. Qxa1 Nb3 38. Qa8+ Kh7 39. Rd1 c3 40. Qa4 c2 41. Qxb3
cxd1=Q+ 42. Qxd1 Qc6 43. Bf1 Bf5 44. Qb3 Qc1 45. Kf2 Qd2+ 46. Be2 Be6 47. Nd3
Bf8 48. Qd1 Qxd1 49. Bxd1 Bd6 50. e4 Kg7 51. e5 Be7 52. Nf4 Bd8 53. Bb3 1-0

[Event "2017 Oceania Zone 3.6 Zonal Championshi"]
[Site "Auckland NZL"]
[Date "2017.01.17"]
[Round "5.21"]
[White "Yan, Matthew"]
[Black "Fan, Allen Chi Zhou"]
[Result "1-0"]
[WhiteElo "2019"]
[BlackElo "1952"]
[PlyCount "115"]
[EventDate "2017.01.14"]

1. e4 Nf6 2. Nc3 d5 3. e5 Nfd7 4. e6 fxe6 5. d4 g6 6. h4 Nf6 7. h5 Nxh5 8. Rxh5
gxh5 9. Qxh5+ Kd7 10. Nf3 Bg7 11. Qg4 Qf8 12. Nxd5 h5 13. Qh3 Kd8 14. Nf4 e5
15. Ne6+ Bxe6 16. Qxe6 Qf6 17. Qd5+ Nd7 18. Nxe5 Ke8 19. Qxd7+ Kf8 20. Qxc7 Qe6
21. Bc4 Bxe5 22. Qxe5 Qxe5+ 23. dxe5 Rc8 24. Bb3 h4 25. Be3 Rh5 26. f4 h3 27.
gxh3 Rxh3 28. Ke2 b6 29. Rg1 Rh8 30. f5 Rc6 31. c3 Rc7 32. Bh6+ Ke8 33. Rg8+
Rxg8 34. Bxg8 Rc5 35. Bg7 Rb5 36. Bb3 Rc5 37. Kd3 b5 38. Kd4 Rc7 39. f6 exf6
40. exf6 Rf7 41. Bxf7+ Kxf7 42. Kc5 a6 43. Kb6 b4 44. cxb4 a5 45. bxa5 Kg8 46.
a6 Kh7 47. a7 Kg6 48. a8=Q Kf7 49. Qd5+ Kg6 50. Qe6 Kh7 51. f7 Kxg7 52. f8=Q+
Kxf8 53. Qd7 Kg8 54. Kc6 Kf8 55. Kd6 Kg8 56. Ke6 Kh8 57. Kf6 Kg8 58. Qg7# 1-0

[Event "2017 Oceania Zone 3.6 Zonal Championshi"]
[Site "Auckland NZL"]
[Date "2017.01.17"]
[Round "5.22"]
[White "James, Jack"]
[Black "Lam, Ross"]
[Result "1-0"]
[WhiteElo "2012"]
[BlackElo "1883"]
[PlyCount "99"]
[EventDate "2017.01.14"]

1. e4 c5 2. Nc3 a6 3. f4 e6 4. Nf3 b5 5. d3 d5 6. Qe2 Be7 7. g3 Bb7 8. Bg2 Nc6
9. O-O Nd4 10. Nxd4 cxd4 11. Nd1 dxe4 12. dxe4 Nf6 13. Nf2 Rc8 14. Nd3 O-O 15.
b3 Qc7 16. Rf2 Rfd8 17. Bb2 Bf8 18. Rd1 a5 19. e5 Bxg2 20. Rxg2 Nd5 21. Bxd4
Nxf4 22. Nxf4 Rxd4 23. Rxd4 Bc5 24. Qe3 Bxd4 25. Qxd4 Rd8 26. Qe4 Rd1+ 27. Kf2
h6 28. Ke2 Ra1 29. Rf2 Qc3 30. Qd3 Re1+ 31. Kf3 Qc6+ 32. Kg4 Rxe5 33. Qf3 Qc8
34. Nd3 f5+ 35. Kh3 Re4 36. Kg2 Qc6 37. h3 Qd5 38. Kh2 b4 39. Re2 Qd4 40. Nf2
Rxe2 41. Qxe2 Kh7 42. Nd3 Qc3 43. Nf4 e5 44. Ng2 Qa1 45. Qd3 Qxa2 46. Qxf5+ Kh8
47. Nh4 a4 48. Ng6+ Kg8 49. Ne7+ Kh8 50. Qf8+ 1-0

[Event "2017 Oceania Zone 3.6 Zonal Championshi"]
[Site "Auckland NZL"]
[Date "2017.01.17"]
[Round "5.23"]
[White "Ng, Clive"]
[Black "Chan, Anthony"]
[Result "1-0"]
[WhiteElo "1997"]
[BlackElo "1881"]
[PlyCount "75"]
[EventDate "2017.01.14"]

1. e4 c6 2. d4 d5 3. Nd2 dxe4 4. Nxe4 Bf5 5. Ng3 Bg6 6. h4 h6 7. Nf3 Nd7 8. h5
Bh7 9. Bd3 Bxd3 10. Qxd3 e6 11. Bd2 Ngf6 12. O-O-O Be7 13. Kb1 O-O 14. Ne4 Nxe4
15. Qxe4 Nf6 16. Qe2 Qd5 17. Be3 Rad8 18. Ne5 Qe4 19. f3 Qh7 20. g4 Nd5 21. Bc1
Bf6 22. f4 Bxe5 23. dxe5 Rd7 24. Rdf1 Rfd8 25. f5 b5 26. Rhg1 Nb6 27. g5 hxg5
28. Rxg5 Nc4 29. Rfg1 Kh8 30. b3 f6 31. exf6 gxf6 32. Rg6 Nd2+ 33. Bxd2 Rxd2
34. Qxe6 R2d6 35. Qe3 Rd1+ 36. Rxd1 Rxd1+ 37. Kb2 Qd7 38. Qh6+ 1-0

[Event "2017 Oceania Zone 3.6 Zonal Championshi"]
[Site "Auckland NZL"]
[Date "2017.01.17"]
[Round "5.24"]
[White "Polishchuk, Kirill"]
[Black "Zhao, Isaac"]
[Result "1-0"]
[WhiteElo "2175"]
[BlackElo "1838"]
[PlyCount "59"]
[EventDate "2017.01.14"]

1. e4 c6 2. d4 d5 3. exd5 cxd5 4. Bd3 Nc6 5. c3 Nf6 6. h3 g6 7. Nf3 Bg7 8. Bf4
O-O 9. O-O Bd7 10. Nbd2 Qc8 11. Re1 Bf5 12. Nf1 Bxd3 13. Qxd3 Ne4 14. N1d2 Qf5
15. Bh2 Nxd2 16. Qxd2 Rfe8 17. Re2 Na5 18. Rae1 Nc4 19. Qc1 Bf6 20. b3 Nb6 21.
Be5 Rac8 22. g4 Qe6 23. Qh6 Bxe5 24. Ng5 Qf6 25. Qxh7+ Kf8 26. Rxe5 Rxc3 27.
Re6 Qg7 28. Rxg6 Rg3+ 29. fxg3 Qxd4+ 30. Kh1 1-0

[Event "2017 Oceania Zone 3.6 Zonal Championshi"]
[Site "Auckland NZL"]
[Date "2017.01.17"]
[Round "5.25"]
[White "Huang, Alex"]
[Black "Maligin, William"]
[Result "1-0"]
[WhiteElo "1993"]
[BlackElo "1834"]
[PlyCount "69"]
[EventDate "2017.01.14"]

1. d4 Nf6 2. c4 g6 3. Nc3 d5 4. Nf3 Bg7 5. Qb3 dxc4 6. Qxc4 c6 7. e4 O-O 8. Be2
Nbd7 9. Bf4 Nh5 10. Be3 Nb6 11. Qc5 Qd6 12. O-O Nf4 13. Qxd6 Nxe2+ 14. Nxe2
exd6 15. Nd2 Be6 16. b3 Rfe8 17. Rac1 Rac8 18. a4 d5 19. a5 Nd7 20. Nf4 Nf6 21.
Nxe6 Rxe6 22. e5 Ng4 23. h3 Nxe3 24. fxe3 f6 25. e4 Bh6 26. exd5 Bxd2 27. dxe6
Bxc1 28. Rxc1 fxe5 29. d5 Re8 30. a6 bxa6 31. Rxc6 Re7 32. d6 Rxe6 33. d7 Rxc6
34. d8=Q+ Kf7 35. Qd7+ 1-0

[Event "2017 Oceania Zone 3.6 Zonal Championshi"]
[Site "Auckland NZL"]
[Date "2017.01.17"]
[Round "5.26"]
[White "Lin, Kerry"]
[Black "Louie, Ryan"]
[Result "0-1"]
[WhiteElo "1828"]
[BlackElo "1972"]
[PlyCount "78"]
[EventDate "2017.01.14"]

1. d4 Nf6 2. c4 e6 3. Nf3 d5 4. Nc3 Be7 5. e3 O-O 6. Qc2 Nbd7 7. Bd3 Re8 8. b3
Bf8 9. Nd2 h6 10. f4 b6 11. Nf3 Bb7 12. Bb2 c5 13. Ne5 Rc8 14. O-O dxc4 15.
bxc4 cxd4 16. Rad1 Nxe5 17. fxe5 Ng4 18. Bh7+ Kh8 19. Rxd4 Qg5 20. Nd1 Bc5 21.
Bc1 Nxe3 22. Bxe3 Bxd4 23. Bxd4 Rxc4 24. Bc3 Bxg2 25. Qxg2 Rg4 26. Be4 Rd8 27.
Nf2 Rxg2+ 28. Bxg2 Rc8 29. Nd1 Rxc3 30. Nxc3 Qe3+ 31. Rf2 Qxc3 32. Rxf7 Qe1+
33. Bf1 Qe3+ 34. Kg2 Qe4+ 35. Kh3 g5 36. Rf6 Qxe5 37. Rxh6+ Kg7 38. Rh5 Kg6 39.
Rxg5+ Kxg5 0-1

[Event "2017 Oceania Zone 3.6 Zonal Championshi"]
[Site "Auckland NZL"]
[Date "2017.01.17"]
[Round "5.27"]
[White "Goodhue, Nathan"]
[Black "Eade, Don"]
[Result "1-0"]
[WhiteElo "1966"]
[BlackElo "1831"]
[PlyCount "103"]
[EventDate "2017.01.14"]

1. b3 e5 2. Bb2 Nc6 3. e3 d5 4. Bb5 Bd6 5. Bxc6+ bxc6 6. d3 Nf6 7. Nd2 O-O 8.
e4 Re8 9. Ngf3 Bg4 10. h3 Bh5 11. g4 Bg6 12. Qe2 Nd7 13. Nf1 Qe7 14. Ng3 Ba3
15. Bxa3 Qxa3 16. O-O Nf8 17. Nh4 Ne6 18. f3 Nf4 19. Qh2 Qe7 20. Nhf5 Bxf5 21.
Nxf5 Qf8 22. Ng3 Qe7 23. Nf5 Qf6 24. h4 h6 25. Kh1 Qd8 26. Rfe1 Re6 27. Ng3 Qf8
28. Ne2 Ng6 29. h5 Nh8 30. Ng3 f6 31. Qd2 Nf7 32. Qa5 Qd6 33. Nf5 Qd7 34. Rad1
Ree8 35. Kg2 Ng5 36. Qa4 Red8 37. Ne3 Ne6 38. c4 Nf4+ 39. Kf1 Kh7 40. Qa5 g6
41. hxg6+ Kxg6 42. Kf2 dxe4 43. dxe4 Nd3+ 44. Kg3 Qf7 45. Rh1 Nf4 46. Rd2 Rxd2
47. Qxd2 Rh8 48. Nf5 Rh7 49. Qd8 Ne6 50. Qa8 Qd7 51. Qg8+ Ng7 52. Rh5 1-0

[Event "2017 Oceania Zone 3.6 Zonal Championshi"]
[Site "Auckland NZL"]
[Date "2017.01.17"]
[Round "5.28"]
[White "Kumar, Manoj"]
[Black "Willathgamuwa, Rowan"]
[Result "0-1"]
[WhiteElo "1962"]
[BlackElo "1806"]
[PlyCount "96"]
[EventDate "2017.01.14"]

1. d4 Nf6 2. Nf3 d5 3. c4 c6 4. Nc3 g6 5. cxd5 cxd5 6. Bf4 Bg7 7. e3 O-O 8. Bd3
Nc6 9. h3 b6 10. O-O Bb7 11. Rc1 Rc8 12. Qa4 a6 13. b4 b5 14. Qb3 Qb6 15. Rc2
Rfd8 16. Rfc1 e6 17. Bg5 h6 18. Bh4 g5 19. Bg3 Bf8 20. a3 Ne8 21. Ne5 Nd6 22.
Be2 Nxe5 23. Bxe5 Nc4 24. Bg3 Bc6 25. h4 a5 26. Ra1 Ra8 27. Rca2 Rd7 28. hxg5
hxg5 29. Bd3 Rda7 30. Qd1 f6 31. Qg4 Kf7 32. Qh5+ Ke7 33. Qh7+ Kd8 34. Qh8 Ke7
35. Qh7+ Kd8 36. Qh8 Kd7 37. Qxf6 Be7 38. Qg7 axb4 39. axb4 Rxa2 40. Rxa2 Rxa2
41. Nxa2 Qa7 42. Bxc4 bxc4 43. Qe5 Ba8 44. Kh2 Qxa2 45. Qc7+ Ke8 46. Qc8+ Kf7
47. Qd7 Qa6 48. b5 Qb7 0-1

[Event "2017 Oceania Zone 3.6 Zonal Championshi"]
[Site "Auckland NZL"]
[Date "2017.01.17"]
[Round "5.29"]
[White "Yu, Bobby"]
[Black "Dragalchuk, Vladislav"]
[Result "1-0"]
[WhiteElo "1955"]
[BlackElo "1800"]
[PlyCount "69"]
[EventDate "2017.01.14"]

1. d4 Nf6 2. c4 e6 3. g3 d5 4. Nf3 c6 5. Bg2 Be7 6. O-O O-O 7. Qc2 Nbd7 8. Nbd2
b6 9. Rd1 Bb7 10. e4 dxc4 11. Nxc4 b5 12. Ne3 Rc8 13. b3 Qb6 14. Bb2 Rfd8 15.
Rac1 a6 16. h4 Nf8 17. Ne5 c5 18. d5 N6d7 19. Nxd7 Nxd7 20. dxe6 Qxe6 21. Nf5
Bf8 22. h5 h6 23. Qc3 b4 24. Qd3 Nf6 25. Qxd8 Rxd8 26. Rxd8 Nxe4 27. Nxg7 Qb6
28. Rcd1 c4 29. Bxe4 Bxe4 30. bxc4 Qc5 31. Ne8 f5 32. R1d7 Be7 33. Nd6+ Bf8 34.
Rg7+ Kh8 35. Rxf8# 1-0

[Event "2017 Oceania Zone 3.6 Zonal Championshi"]
[Site "Auckland NZL"]
[Date "2017.01.17"]
[Round "5.30"]
[White "Crossman, Tom"]
[Black "Lane, Ryan"]
[Result "1-0"]
[WhiteElo "1945"]
[BlackElo "1793"]
[PlyCount "91"]
[EventDate "2017.01.14"]

1. c4 e5 2. d4 exd4 3. Nf3 Nc6 4. Nxd4 Bc5 5. e3 Nf6 6. Nc3 O-O 7. Be2 Nxd4 8.
exd4 Bb4 9. O-O d5 10. cxd5 Nxd5 11. Qb3 Nxc3 12. bxc3 Bd6 13. Be3 Re8 14. Bc4
Rf8 15. Rfe1 a6 16. a4 Qh4 17. g3 Qf6 18. Bf1 Rb8 19. a5 Be6 20. d5 Bd7 21. Bd4
Qd8 22. c4 Be7 23. Qb2 f6 24. Ba7 Ra8 25. Qxb7 Bd6 26. Be3 Rb8 27. Qxa6 Ra8 28.
Qb7 Rb8 29. Qa7 Ra8 30. Qd4 Be5 31. Qc5 Bxa1 32. Rxa1 Bc8 33. Bf4 Rf7 34. Re1
g5 35. Bd2 Kg7 36. Qd4 h6 37. Bd3 Re7 38. Rb1 Qd7 39. Bc3 Re5 40. f4 gxf4 41.
Qxf4 Qe7 42. Bxe5 fxe5 43. Qe4 Qg5 44. Qh7+ Kf8 45. Rf1+ Ke8 46. Bg6+ 1-0

[Event "2017 Oceania Zone 3.6 Zonal Championshi"]
[Site "Auckland NZL"]
[Date "2017.01.17"]
[Round "5.31"]
[White "Gold, Hamish R"]
[Black "Yee, Stanley"]
[Result "0-1"]
[WhiteElo "1792"]
[BlackElo "1931"]
[PlyCount "72"]
[EventDate "2017.01.14"]

1. e4 c5 2. Nc3 d6 3. f4 g6 4. Nf3 Bg7 5. g3 Nc6 6. Bg2 Bg4 7. h3 Bxf3 8. Bxf3
Nd4 9. O-O Nxf3+ 10. Qxf3 Qd7 11. Kg2 e6 12. a4 Ne7 13. g4 f5 14. exf5 gxf5 15.
d3 O-O-O 16. Bd2 Nc6 17. Be3 Rhg8 18. g5 h6 19. h4 hxg5 20. hxg5 Nb4 21. Qf2
Qc6+ 22. Kg3 Rh8 23. Nb5 Kb8 24. d4 a6 25. c3 Nd5 26. dxc5 Nxe3 27. Qxe3 axb5
28. cxd6 Rxd6 29. axb5 Qb6 30. Qxb6 Rxb6 31. Ra5 Rd6 32. Rf3 Kc7 33. c4 Bxb2
34. c5 Rd2 35. Rf2 Rxf2 36. Kxf2 Bd4+ 0-1

[Event "2017 Oceania Zone 3.6 Zonal Championshi"]
[Site "Auckland NZL"]
[Date "2017.01.17"]
[Round "5.32"]
[White "Nicholls, Leighton"]
[Black "Korenevski, Oleg"]
[Result "0-1"]
[WhiteElo "1929"]
[BlackElo "1782"]
[PlyCount "108"]
[EventDate "2017.01.14"]

1. f4 d5 2. Nf3 g6 3. g3 Bg7 4. Bg2 Nf6 5. O-O O-O 6. d3 c5 7. Qe1 d4 8. c3 Nc6
9. Na3 Nd5 10. Bd2 Rb8 11. Rc1 dxc3 12. bxc3 b5 13. Nxb5 Nxf4 14. Bxf4 Rxb5 15.
Qd2 Qb6 16. Rfd1 Rd8 17. Be3 Ne5 18. Nxe5 Bxe5 19. d4 cxd4 20. cxd4 Rb2 21. Qe1
Bf6 22. Rc6 Qb5 23. Rd2 Qb4 24. a3 Qxa3 25. Kf2 Bb7 26. Qc1 Rb3 27. Qxa3 Rxa3
28. Rxf6 Bxg2 29. Rf4 Bd5 30. Rd3 Rxd3 31. exd3 a5 32. Ke2 a4 33. Rf1 a3 34.
Bd2 a2 35. Bc3 Rb8 36. Ra1 Rb1 37. Kd2 Kg7 38. Ke3 g5 39. h3 Kg6 40. Kf2 Kf5
41. Ke3 h5 42. Ke2 h4 43. gxh4 gxh4 44. Kf2 Kf4 45. Bd2+ Kf5 46. Bc3 Rxa1 47.
Bxa1 Kg5 48. Bc3 f5 49. Bb2 f4 50. Bc3 Kf5 51. Bb2 Ke6 52. Bc3 Kd7 53. Bb2 Kc6
54. Bc3 Kb5 0-1